[Event "FRA-ch op-B"]
[Site "Albi"]
[Date "2022.08.19"]
[Round "7"]
[White "Barberis, Valentin"]
[Black "Devecchi, Jorge"]
[Result "1/2-1/2"]
[WhiteElo "1874"]
[BlackElo "1942"]
[PlyCount "115"]
[EventDate "2022.08.13"]
[EventType "swiss"]
[EventRounds "9"]
[EventCountry "FRA"]
[SourceTitle "CBM 210 Extra"]
[Source "ChessBase"]
[SourceDate "2022.11.30"]
[SourceVersion "1"]
[SourceVersionDate "2022.11.30"]
[SourceQuality "1"]

1. d4 d5 2. c4 e6 3. Nc3 Nf6 4. Bg5 Be7 5. e3 Nbd7 6. Nf3 0-0 7. Rc1 c6 8. Bd3 Re8 9. 0-0 h6 10. Bh4 Nb6 11. Ne5 Nxc4 12. Nxc4 dxc4 13. Bxc4 Nd5 14. Bg3 Bf6 15. Qh5 g6 16. Qf3 Nxc3 17. Rxc3 Bd7 18. Rd3 Bg7 19. Rfd1 Qc8 20. h3 b5 21. Bb3 c5 22. dxc5 Bc6 23. Qe2 Qb7 24. f3 a5 25. a3 a4 26. Ba2 b4 27. Bc4 e5 28. Bd5 bxa3 29. bxa3 Ra5 30. Qc2 Bf8 31. Bxc6 Qxc6 32. Rc3 Rxc5 33. Rxc5 Bxc5 34. Kh2 Qb6 35. Qxa4 Re7 36. Rd7 Qe6 37. Rxe7 Qxe7 38. Qe4 Bxa3 39. Bxe5 Bd6 40. Qa8+ Qf8 41. Qd5 Bxe5+ 42. Qxe5 Qb4 43. e4 h5 44. f4 Qe1 45. Qd4 h4 46. Qd3 Kf8 47. Qf3 Ke7 48. g3 hxg3+ 49. Kg2 Kf6 50. h4 Kg7 51. f5 gxf5 52. Qxf5 f6 53. h5 Kf7 54. Qf3 Ke7 55. Kh3 Kf7 56. Kg4 Kg7 57. Qxg3 Qxe4+ 58. Qf4 1/2-1/2

[Event "FRA-ch op-B"]
[Site "Albi"]
[Date "2022.08.15"]
[Round "3"]
[White "Barberis, Valentin"]
[Black "Acikgoz, Tuncay"]
[Result "1-0"]
[WhiteElo "1874"]
[BlackElo "1934"]
[PlyCount "109"]
[EventDate "2022.08.13"]
[EventType "swiss"]
[EventRounds "9"]
[EventCountry "FRA"]
[SourceTitle "CBM 210 Extra"]
[Source "ChessBase"]
[SourceDate "2022.11.30"]
[SourceVersion "1"]
[SourceVersionDate "2022.11.30"]
[SourceQuality "1"]

1. e4 c6 2. Nc3 g6 3. d4 d6 4. h4 h5 5. Nh3 Bg7 6. Be3 Nf6 7. f3 b5 8. a4 b4 9. Nb1 a5 10. c4 d5 11. e5 Ng8 12. c5 Nh6 13. Bxh6 Bxh6 14. g4 hxg4 15. fxg4 Qd7 16. g5 Bg7 17. Nf2 Ba6 18. Bh3 Qc7 19. Qg4 Bxe5 20. Nd2 Bg3 21. Nf3 Bd3 22. Rg1 Bxf2+ 23. Kxf2 Bf5 24. Qg3 Qxg3+ 25. Kxg3 Bxh3 26. Kxh3 Nd7 27. b3 0-0-0 28. Rae1 Rde8 29. Re2 Rh7 30. Rge1 e6 31. Kg3 Reh8 32. Rh2 Kd8 33. Re3 Ke7 34. Re1 Rh5 35. Re3 f6 36. gxf6+ Nxf6 37. Ng5 Ne4+ 38. Nxe4 dxe4 39. Rxe4 g5 40. Rg4 Rxh4 41. Rhxh4 Rxh4 42. Rxg5 Rxd4 43. Rg7+ Kf6 44. Rc7 Rd3+ 45. Kf4 Rxb3 46. Rxc6 Rc3 47. Ke4 Ra3 48. Rb6 Rxa4 49. c6 Ra3 50. Kd4 Rc3 51. Ra6 e5+ 52. Ke4 b3 53. c7+ Ke7 54. Rxa5 Rxc7 55. Rxe5+ 1-0

[Event "Angers op 15th"]
[Site "Angers"]
[Date "2022.05.27"]
[Round "2"]
[White "Budak, Lori"]
[Black "Barberis, Valentin"]
[Result "1-0"]
[WhiteElo "1717"]
[BlackElo "1882"]
[PlyCount "81"]
[EventDate "2022.05.27"]
[EventType "swiss"]
[EventRounds "6"]
[EventCountry "FRA"]
[SourceTitle "CBM 208 Extra"]
[Source "ChessBase"]
[SourceDate "2022.07.31"]
[SourceVersion "1"]
[SourceVersionDate "2022.07.31"]
[SourceQuality "1"]

1. e4 c5 2. Nc3 a6 3. a4 Nc6 4. g3 g6 5. Bg2 Bg7 6. d3 d6 7. Be3 Nf6 8. f3 0-0 9. Qd2 Rb8 10. Bh6 Nd4 11. Bxg7 Kxg7 12. Nge2 b5 13. Nxd4 cxd4 14. Ne2 e5 15. axb5 axb5 16. 0-0 Be6 17. Qb4 Qc7 18. Rfc1 Qc5 19. Qd2 b4 20. b3 Rfc8 21. Ra2 Ng8 22. Rca1 Rc7 23. g4 Ne7 24. h4 h6 25. Kh2 Nc8 26. Bh3 Na7 27. f4 Nb5 28. f5 Bd7 29. g5 h5 30. Ng3 Rbc8 31. Qf2 Qxc2 32. Rxc2 Rxc2 33. Ne2 gxf5 34. Qf3 Rd2 35. Kg1 Nc3 36. Ng3 Nxe4 37. Nxe4 fxe4 38. Qf6+ Kg8 39. g6 Rf8 40. Bxd7 Rxd3 41. gxf7+ 1-0

[Event "Avoine op 26th"]
[Site "Avoine"]
[Date "2011.07.30"]
[Round "8"]
[White "Barberis, Valentin"]
[Black "Ljubotina, Lazo"]
[Result "0-1"]
[WhiteElo "1795"]
[BlackElo "1995"]
[PlyCount "142"]
[EventDate "2011.07.23"]
[EventType "swiss"]
[EventRounds "9"]
[EventCountry "FRA"]
[SourceTitle "EXT 2012"]
[Source "ChessBase"]
[SourceDate "2011.11.24"]
[SourceVersion "1"]
[SourceVersionDate "2011.11.24"]
[SourceQuality "1"]

1. e4 Nf6 2. Nc3 e6 3. e5 Ng8 4. Nf3 d5 5. exd6 cxd6 6. d4 Nf6 7. Be2 Be7 8. 0-0 a6 9. Re1 b5 10. Bf1 h6 11. Bf4 Bb7 12. a3 Nbd7 13. Qe2 Nb6 14. Nd2 0-0 15. h3 Rc8 16. Rac1 Nbd5 17. Nxd5 Bxd5 18. f3 Qb6 19. Qf2 Nh5 20. Be3 Rc7 21. Bd3 Rfc8 22. g4 Nf6 23. Qg3 Nd7 24. h4 Kf8 25. f4 a5 26. f5 Qc6 27. fxe6 Bxe6 28. Rf1 Kg8 29. Rce1 Nf8 30. g5 h5 31. g6 f6 32. c3 Qd7 33. Ne4 Bc4 34. Bxc4+ bxc4 35. Nf2 Qf5 36. Bf4 Qxg6 37. Qxg6 Nxg6 38. Bg3 Rb7 39. Re2 Rcb8 40. Rfe1 Kf7 41. Nd1 Rd8 42. Ne3 d5 43. Nf5 Bf8 44. a4 Rdd7 45. Kf1 Rb6 46. Ne3 Ne7 47. Kg2 Rdb7 48. Nd1 Nf5 49. Bf2 Bd6 50. Re6 Bf4 51. Rxb6 Rxb6 52. Kf3 Bc1 53. Re2 Re6 54. Rc2 Bh6 55. b4 cxb3 56. Rb2 Rb6 57. Rb1 g5 58. hxg5 fxg5 59. Nb2 g4+ 60. Kg2 Be3 61. Be1 h4 62. Nd3 Kf6 63. Ne5 h3+ 64. Kh1 Kg5 65. Rb2 Bc1 66. Rb1 Bf4 67. Nd3 g3 68. Rb2 Kg4 69. Bd2 Bd6 70. Ne5+ Bxe5 71. dxe5 Nh4 0-1

[Event "FRA-chT U20 0809"]
[Site "Sautron"]
[Date "2009.01.02"]
[Round "6.3"]
[White "Barberis, Valentin"]
[Black "Tobitt Jupillat, Eric"]
[Result "0-1"]
[WhiteElo "1821"]
[BlackElo "1568"]
[PlyCount "64"]
[EventDate "2008.10.??"]
[EventType "team-tourn"]
[EventRounds "11"]
[EventCountry "FRA"]
[SourceTitle "EXT 2010"]
[Source "ChessBase"]
[SourceDate "2010.11.25"]
[SourceVersion "1"]
[SourceVersionDate "2010.11.25"]
[SourceQuality "1"]

1. e4 e5 2. f4 d6 3. Nf3 Nc6 4. Bc4 Be7 5. 0-0 Nf6 6. Nc3 0-0 7. d4 Bg4 8. d5 Nd4 9. Be2 Bxf3 10. Bxf3 c6 11. Be3 Nxf3+ 12. Qxf3 Qd7 13. Rad1 Bd8 14. fxe5 dxe5 15. Qg3 Re8 16. dxc6 Qxc6 17. Qf3 Ba5 18. Nd5 Re6 19. g4 Rf8 20. h4 Qxc2 21. Rf2 Qc8 22. g5 Nxd5 23. exd5 Ra6 24. h5 Bb6 25. Bxb6 Rxb6 26. d6 Qd7 27. g6 Rxd6 28. gxh7+ Kh8 29. Rxd6 Qxd6 30. Qxb7 Qd1+ 31. Kg2 Qxh5 32. Qxa7 Kxh7 0-1